| 000 | 00000nam 2200000zi 4500 |
| 001 | 9.922842 |
| 003 | CaOODSP |
| 005 | 20240222121001 |
| 006 | m o d f |
| 007 | cr mn||||||||| |
| 008 | 230517e20230516onc ob f000 0 eng d |
| 040 | |aCaOODSP|beng|erda|cCaOODSP |
| 043 | |an-cn--- |
| 086 | 1 |aH113-25/2023-8E-PDF |
| 245 | 00|aFlorpyrauxifen-benzyl, Milestone NXT herbicide, Restore NXT herbicide, GF-3206 herbicide, GF-3301 aquatic herbicide, and ProcellaCOR FX herbicide. |
| 264 | 1|aOttawa, Ontario : |bPest Management Regulatory Agency, Health Canada, |c16 May 2023. |
| 264 | 4|c©2023 |
| 300 | |a1 online resource (13 pages). |
| 336 | |atext|btxt|2rdacontent |
| 337 | |acomputer|bc|2rdamedia |
| 338 | |aonline resource|bcr|2rdacarrier |
| 490 | 1 |aRegistration decision, |x1925-0940 ; |vRD2023-08 |
| 500 | |aIssued also in French under title: Florpyrauxifène-benzyle, herbicide Milestone NXT, herbicide Restore NXT, herbicide GF 3206, herbicide GF 3301 pour milieux aquatiques et herbicide ProcellaCOR FX. |
| 504 | |aIncludes bibliographical references. |
| 650 | 0|aHerbicides|xCertification|zCanada. |
| 650 | 0|aHerbicides|xRisk assessment|zCanada. |
| 650 | 0|aHerbicides|xHealth aspects. |
| 650 | 0|aHerbicides|xEnvironmental aspects. |
| 650 | 0|aHerbicides|xToxicology. |
| 710 | 1 |aCanada. |bPest Management Regulatory Agency, |eissuing body. |
| 775 | 08|tFlorpyrauxifène-benzyle, herbicide Milestone NXT, herbicide Restore NXT, herbicide GF 3206, herbicide GF 3301 pour milieux aquatiques et herbicide ProcellaCOR FX.|w(CaOODSP)9.922845 |
| 830 | #0|aRegistration decision ;|vRD2023-08.|w(CaOODSP)9.505184 |
| 856 | 40|qPDF|s213 KB|uhttps://publications.gc.ca/collections/collection_2023/sc-hc/h113-25/H113-25-2023-8-eng.pdf |
| 856 | 4 |qHTML|sN/A|uhttps://www.canada.ca/en/health-canada/services/consumer-product-safety/reports-publications/pesticides-pest-management/decisions-updates/registration-decision/2023/florpyrauxifen-benzyl.html |